Logic and algorithms : with applications to the computer and information sciences

Saved in:
Bibliographic Details
Main Author: Korfhage, Robert R.
Format: Book
Language:English
Published: New York ; London : John Wiley & Sons, Inc., 1966
Subjects:
Tags: Add Tag
No Tags, Be the first to tag this record!

MARC

LEADER 00000cam a2200000 i 4500
001 1/101352
008 090217s1966 eng d
035 |l 10103231 
040 |a GR-MY-UA  |b gre  |e aacr 
041 0 |a eng 
082 0 |a 511.3  |2 (22) 
100 1 |a Korfhage, Robert R. 
245 1 0 |a Logic and algorithms :  |b with applications to the computer and information sciences /  |c Robert R. Korfhage 
260 |a New York ; London :   |b John Wiley & Sons, Inc.,   |c 1966 
300 |a xii, 194 σ.;  |b σχέδια;  |c 24 εκ. 
504 |a Περιέχει ευρετήριο 
650 0 0 |a Logic, Symbolic and mathematical. 
650 0 0 |a Algorithms. 
852 |a INST  |b SAMOS  |c MAG  |e 20090217  |h 511.3 KOR  |p 005300029343  |q 005300029343  |t BK  |y 0 
901 |a BIBL3-2009-1 
909 |a Σ  |b 155627 
970 |a ΡΟΥΣΣΟΥ  |b ΚΩΝΣΤΑΝΤΙΝΑ  |z 2009/02/17